Online
Catalog

Situación de las mujeres y el VIH/SIDA en América Latina : (Record no. 38338)

MARC details
000 -CABECERA
campo de control de longitud fija 00696nam a2200181 a 4500
001 - NÚMERO DE CONTROL
campo de control 000038848
005 - FECHA Y HORA DE LA ÚLTIMA TRANSACCIÓN
campo de control 20201002031408.0
008 - DATOS DE LONGITUD FIJA--INFORMACIÓN GENERAL
campo de control de longitud fija 130430s1997 mx 000 0 spa d
020 ## - NÚMERO INTERNACIONAL ESTÁNDAR DEL LIBRO
Número Internacional Estándar del Libro 9686502300
040 ## - FUENTE DE LA CATALOGACIÓN
Centro catalogador/agencia de origen DO-SdBNP
Lengua de catalogación spa
Centro/agencia transcriptor BNPHU
245 00 - MENCIÓN DE TÍTULO
Título Situación de las mujeres y el VIH/SIDA en América Latina :
Resto del título una agenda de investigación-acción /
Mención de responsabilidad, etc. Blanca Rico, Susan Vandale, Betania Allen y Ana Luisa Liguori, editoras.
260 ## - PUBLICACIÓN, DISTRIBUCIÓN, ETC.
Lugar de publicación, distribución, etc. México :
Nombre del editor, distribuidor, etc. Instituto Nacional de Salud Pública ,
Fecha de publicación, distribución, etc. 1997.
300 ## - DESCRIPCIÓN FÍSICA
Extensión 188 p. : ;
Dimensiones 22 cm.
700 1# - PUNTO DE ACCESO ADICIONAL--NOMBRE DE PERSONA
Nombre de persona Rico, Blanca
Término indicativo de función/relación ed.
9 (RLIN) 52708
700 1# - PUNTO DE ACCESO ADICIONAL--NOMBRE DE PERSONA
Nombre de persona Vandale, Susan
Término indicativo de función/relación ed.
9 (RLIN) 65131
700 1# - PUNTO DE ACCESO ADICIONAL--NOMBRE DE PERSONA
Nombre de persona Allen, Betania
Término indicativo de función/relación ed.
9 (RLIN) 65132
700 1# - PUNTO DE ACCESO ADICIONAL--NOMBRE DE PERSONA
Nombre de persona Liguori, Ana Luisa
Término indicativo de función/relación ed.
9 (RLIN) 65133
Holdings
Estado de retiro Estado de pérdida Restricciones de uso No para préstamo Código de colección Localización permanente Ubicación/localización actual Ubicación en estantería Fecha de adquisición Número de inventario Total de préstamos Signatura topográfica completa Código de barras Fecha visto por última vez Precio válido a partir de Tipo de ítem Koha
      Excluido de préstamo Monografías: Libros y Folletos Patrimonio Dominicano Patrimonio Dominicano En catalogación 30.04.2013 LF1   38848-10 25.06.2020 25.06.2020 No se presta

Powered by Koha